[Event "Magyar Rapid Bajnokság"]
[Site "Ajka"]
[Date "2018.07.22"]
[Round "11.3"]
[White "Czebe, Attila"]
[Black "Balog, Imre"]
[Result "0-1"]
[WhiteElo "2488"]
[BlackElo "2613"]
[PlyCount "70"]
[EventDate "2018.07.20"]
[EventType "swiss"]
[EventRounds "13"]
[EventCountry "HUN"]

1. Nf3 Nf6 2. g3 d5 3. Bg2 g6 4. c4 c6 5. cxd5 cxd5 6. d4 Bg7 7. Nc3 Ne4 8.
Qa4+ Bd7 9. Qb3 Nxc3 10. bxc3 Bc6 11. Ne5 O-O 12. Nxc6 bxc6 13. Qb7 Nd7 14.
Qxc6 Nb6 15. Qb5 Rc8 16. Qd3 e5 17. dxe5 Bxe5 18. O-O Rxc3 19. Qd1 d4 20. Bb2
Rc7 21. Rc1 Rxc1 22. Qxc1 Na4 23. Rd1 Qb6 24. Ba1 Nc3 25. Bxc3 dxc3 26. Qc2 Qb2
27. Rc1 Rd8 28. Be4 Rd2 29. Qxb2 cxb2 30. Re1 Rd4 31. Bd3 Ra4 32. Bb1 Rc4 33.
f4 Rc1 34. Kf2 Bd4+ 35. e3 Bxe3+ 0-1

[Event "Magyar Rapid Bajnokság"]
[Site "Ajka"]
[Date "2018.07.22"]
[Round "11.4"]
[White "Gledura, Benjamin"]
[Black "Papp, Gabor"]
[Result "1/2-1/2"]
[WhiteElo "2574"]
[BlackElo "2574"]
[PlyCount "26"]
[EventDate "2018.07.20"]
[EventType "swiss"]
[EventRounds "13"]
[EventCountry "HUN"]

1. b3 Nf6 2. Bb2 b6 3. c4 Bb7 4. e3 e6 5. Nf3 d5 6. cxd5 exd5 7. g3 Nbd7 8. Bg2
Ba6 9. Ne5 Nxe5 10. Bxe5 Bd6 11. Bxd6 Qxd6 12. d3 O-O 13. O-O c5 1/2-1/2

[Event "Magyar Rapid Bajnokság"]
[Site "Ajka"]
[Date "2018.07.22"]
[Round "11.5"]
[White "Groszpeter, Attila"]
[Black "Csonka, Balazs"]
[Result "1/2-1/2"]
[WhiteElo "2438"]
[BlackElo "2311"]
[PlyCount "35"]
[EventDate "2018.07.20"]
[EventType "swiss"]
[EventRounds "13"]
[EventCountry "HUN"]

1. e4 e5 2. Nf3 Nc6 3. Bb5 Nf6 4. d3 Bc5 5. Bxc6 dxc6 6. h3 Nd7 7. Nc3 O-O 8.
O-O Re8 9. Qe1 Bd6 10. Nd2 Nf8 11. Nc4 Ne6 12. Ne2 f6 13. Be3 c5 14. f4 Nd4 15.
Bxd4 cxd4 16. fxe5 Bxe5 17. Nxe5 Rxe5 18. Rf4 1/2-1/2

[Event "Magyar Rapid Bajnokság"]
[Site "Ajka"]
[Date "2018.07.22"]
[Round "11.7"]
[White "Papp, Gellert"]
[Black "Mihok, Oliver"]
[Result "0-1"]
[WhiteElo "2324"]
[BlackElo "2426"]
[PlyCount "69"]
[EventDate "2018.07.20"]
[EventType "swiss"]
[EventRounds "13"]
[EventCountry "HUN"]

1. e4 e5 2. Nf3 Nc6 3. Bb5 a6 4. Ba4 Nf6 5. O-O Be7 6. Re1 b5 7. Bb3 d6 8. c3
O-O 9. h3 a5 10. d4 a4 11. Bc2 Bd7 12. Nbd2 Re8 13. Nf1 Bf8 14. Ng3 h6 15. Be3
Na5 16. b3 axb3 17. axb3 c5 18. d5 Qc7 19. Nh2 Reb8 20. f4 exf4 21. Bxf4 g5 22.
e5 gxf4 23. exf6 c4 24. Qh5 fxg3 25. Bh7+ Kxh7 26. Qxf7+ Kh8 27. Re7 Qc5+ 28.
Kh1 Bf5 29. b4 Qf2 30. Ng4 Nc6 31. Qg7+ Bxg7 32. fxg7+ Kh7 33. Nf6+ Kg6 34.
g8=Q+ Rxg8 35. Ng4 0-1

[Event "Magyar Rapid Bajnokság"]
[Site "Ajka"]
[Date "2018.07.22"]
[Round "11.8"]
[White "Szelenyi, Norbert"]
[Black "Bagi, Mate"]
[Result "0-1"]
[WhiteElo "2284"]
[BlackElo "2394"]
[PlyCount "80"]
[EventDate "2018.07.20"]
[EventType "swiss"]
[EventRounds "13"]
[EventCountry "HUN"]

1. b3 e5 2. Bb2 Nc6 3. e3 Nf6 4. Bb5 Bd6 5. Ne2 a6 6. Bxc6 dxc6 7. d4 e4 8. c4
O-O 9. Ba3 Re8 10. Bxd6 cxd6 11. Nbc3 Qa5 12. Qd2 Qg5 13. Nf4 b5 14. Qe2 Rb8
15. Rc1 Bg4 16. Qc2 bxc4 17. bxc4 Rb4 18. h3 Bc8 19. O-O Qh6 20. c5 dxc5 21.
dxc5 g5 22. Nfe2 g4 23. h4 Qxh4 24. g3 Qg5 25. Kg2 Rc4 26. Nf4 Rxc5 27. Qa4 Qe5
28. Nce2 Ra5 29. Qxc6 Bd7 30. Qc7 Qxc7 31. Rxc7 Rxa2 32. Nd4 Rb8 33. Rfc1 a5
34. R1c2 Rxc2 35. Nxc2 a4 36. Ra7 Bc6 37. Nd4 Ra8 38. Rc7 Bd7 39. Nfe2 a3 40.
Nc1 a2 0-1

[Event "Magyar Rapid Bajnokság"]
[Site "Ajka"]
[Date "2018.07.22"]
[Round "11.9"]
[White "Csonka, Attila Istvan"]
[Black "Jakab, Attila"]
[Result "0-1"]
[WhiteElo "2337"]
[BlackElo "2363"]
[PlyCount "72"]
[EventDate "2018.07.20"]
[EventType "swiss"]
[EventRounds "13"]
[EventCountry "HUN"]

1. e4 e6 2. d4 d5 3. Nd2 dxe4 4. Nxe4 Nd7 5. Nf3 Ngf6 6. Bg5 Be7 7. Bxf6 Nxf6
8. Bd3 O-O 9. Qe2 Nd5 10. O-O-O Nf4 11. Qd2 Nxd3+ 12. Qxd3 b6 13. h4 h6 14. Kb1
Bb7 15. c4 f5 16. Nc3 Bf6 17. Rhe1 Bxh4 18. Rxe6 Bxf2 19. d5 Bc5 20. Nb5 Bc8
21. Re2 f4 22. Nbd4 Bxd4 23. Qxd4 Qf6 24. Qxf6 Rxf6 25. Re7 Rf7 26. Rde1 Bf5+
27. Kc1 Raf8 28. Nd4 Bd3 29. b3 g5 30. Kd2 Rxe7 31. Rxe7 Bf1 32. Rxc7 Bxg2 33.
d6 f3 34. Nf5 f2 35. Nxh6+ Kh8 36. Nf7+ Kg7 0-1

[Event "Magyar Rapid Bajnokság"]
[Site "Ajka"]
[Date "2018.07.22"]
[Round "11.10"]
[White "Nemeth, Miklos"]
[Black "Prohaszka, Peter"]
[Result "1/2-1/2"]
[WhiteElo "2469"]
[BlackElo "2593"]
[PlyCount "116"]
[EventDate "2018.07.20"]
[EventType "swiss"]
[EventRounds "13"]
[EventCountry "HUN"]

1. e4 c6 2. Nc3 d5 3. Nf3 dxe4 4. Nxe4 Nf6 5. Ng3 g6 6. d4 Bg7 7. Be2 O-O 8.
O-O b6 9. Ne5 Bb7 10. Bf3 Qc8 11. c3 c5 12. dxc5 bxc5 13. Bxb7 Qxb7 14. Qb3 Qa6
15. Re1 e6 16. Qc4 Qxc4 17. Nxc4 Nd5 18. a4 Nb6 19. Nd6 Rd8 20. Nge4 Na6 21. a5
Nd5 22. Nc4 h6 23. Bd2 Rab8 24. Rad1 Rdc8 25. Bc1 Rc6 26. f3 Nac7 27. Nf2 Ne8
28. Nd3 Rbc8 29. Be3 Nxe3 30. Rxe3 Nd6 31. Nde5 Nxc4 32. Nxc4 Bd4 33. cxd4 cxd4
34. Rxd4 Rxc4 35. Rxc4 Rxc4 36. Re4 Rc2 37. Rb4 Kg7 38. Rb7 a6 39. b4 Rb2 40.
h3 g5 41. Kh2 Kg6 42. Kg3 h5 43. h4 gxh4+ 44. Kh3 e5 45. Kxh4 Rxg2 46. Rb6+ Kf5
47. Rxa6 Rb2 48. Rb6 Kf4 49. Rf6+ Ke3 50. Kxh5 Rxb4 51. a6 Ra4 52. Kh6 e4 53.
fxe4 Kxe4 54. Kg7 Kd5 55. Kxf7 Kc5 56. Ke7 Kb5 57. Kd7 Rxa6 58. Rxa6 Kxa6
1/2-1/2

[Event "Magyar Rapid Bajnokság"]
[Site "Ajka"]
[Date "2018.07.22"]
[Round "11.11"]
[White "Egresi, Mate"]
[Black "Vertetics, Attila"]
[Result "0-1"]
[WhiteElo "2280"]
[BlackElo "2506"]
[PlyCount "66"]
[EventDate "2018.07.20"]
[EventType "swiss"]
[EventRounds "13"]
[EventCountry "HUN"]

1. d4 Nf6 2. c4 e6 3. Nf3 Bb4+ 4. Bd2 Qe7 5. g3 O-O 6. Bg2 Bxd2+ 7. Qxd2 d6 8.
Nc3 Re8 9. O-O e5 10. e4 Bg4 11. Ne1 Nc6 12. Nc2 Nxd4 13. Nxd4 exd4 14. Qxd4
Qe5 15. Qxe5 dxe5 16. Nd5 Rac8 17. Nxf6+ gxf6 18. f3 Be6 19. c5 Red8 20. Rfd1
b6 21. b4 bxc5 22. bxc5 Rb8 23. Rxd8+ Rxd8 24. Rb1 a5 25. Bf1 Bxa2 26. Rb7 Ra8
27. Rxc7 a4 28. c6 a3 29. Rb7 Be6 30. c7 Rc8 31. Ra7 a2 32. Bh3 Rxc7 33. Ra8+
Rc8 0-1

[Event "Magyar Rapid Bajnokság"]
[Site "Ajka"]
[Date "2018.07.22"]
[Round "11.12"]
[White "Martini, Balazs"]
[Black "Ruck, Robert"]
[Result "0-1"]
[WhiteElo "2295"]
[BlackElo "2570"]
[PlyCount "122"]
[EventDate "2018.07.20"]
[EventType "swiss"]
[EventRounds "13"]
[EventCountry "HUN"]

1. d4 Nf6 2. Nf3 g6 3. Bf4 Bg7 4. e3 O-O 5. h3 c5 6. c3 d6 7. dxc5 dxc5 8. Qxd8
Rxd8 9. Bc7 Rd7 10. Bh2 Rd8 11. Bc7 Rd7 12. Bh2 Nd5 13. Nbd2 Rd8 14. e4 Nb6 15.
a4 Nc6 16. Bb5 Na5 17. Bc7 Rf8 18. Rc1 Be6 19. b4 Nb3 20. Nxb3 Bxb3 21. a5 Na4
22. Bxa4 Bxa4 23. O-O Rac8 24. Bf4 cxb4 25. cxb4 Bc2 26. e5 a6 27. Be3 Be4 28.
Bc5 Bxf3 29. gxf3 Bxe5 30. Bxe7 Rfe8 31. Bc5 f6 32. Rcd1 Rcd8 33. Bb6 Rxd1 34.
Rxd1 Kf7 35. Kg2 Ke6 36. Rd2 Bc3 37. Re2+ Kf7 38. Rc2 Bxb4 39. Rc7+ Re7 40. Rc8
Bd6 41. Rc2 g5 42. Rc4 Ke6 43. Rc8 Kd5 44. Rc2 Ke6 45. Rc8 Kd7 46. Rc2 Re8 47.
Rb2 Ke6 48. Rc2 Be5 49. Rc4 Kd7 50. Rc2 Rc8 51. Rd2+ Ke6 52. Rd3 Rc6 53. Rb3
Bc3 54. Bd8 Kd7 55. Bb6 Be5 56. Rd3+ Ke6 57. Rd2 Bc7 58. Re2+ Kd7 59. Rd2+ Rd6
60. Rb2 Bxb6 61. axb6 Kc6 0-1

[Event "Magyar Rapid Bajnokság"]
[Site "Ajka"]
[Date "2018.07.22"]
[Round "11.13"]
[White "Medvegy, Zoltan"]
[Black "Papp, Petra"]
[Result "1-0"]
[WhiteElo "2542"]
[BlackElo "2287"]
[PlyCount "143"]
[EventDate "2018.07.20"]
[EventType "swiss"]
[EventRounds "13"]
[EventCountry "HUN"]

1. Nf3 c5 2. e4 d6 3. d4 cxd4 4. Nxd4 Nf6 5. Nc3 a6 6. Be3 e5 7. Nf3 Qc7 8. a4
Be7 9. Bg5 Be6 10. Bxf6 Bxf6 11. Nd5 Bxd5 12. Qxd5 Nc6 13. c3 O-O 14. Rd1 Rad8
15. Qa2 g6 16. Bc4 h6 17. O-O Bg7 18. Rd3 Qe7 19. Rfd1 Kh7 20. Qa3 f5 21. Bd5
Rf6 22. h3 Bf8 23. b4 Rc8 24. Qb3 Nd8 25. a5 Rc7 26. Nd2 Ne6 27. Bxe6 Qxe6 28.
Rd5 Rc8 29. Qc2 Rf7 30. Qd3 Rfc7 31. c4 Be7 32. g3 Rc6 33. h4 Rf8 34. exf5 gxf5
35. Nf1 Kh8 36. Kh2 Rcc8 37. Qe2 f4 38. Nd2 fxg3+ 39. fxg3 Rf7 40. Rf1 Rcf8 41.
Rxf7 Qxf7 42. Ne4 Qg6 43. Rd3 Qe6 44. Rd1 Qg6 45. c5 dxc5 46. Nxc5 Bxc5 47.
Qxe5+ Qf6 48. Qxc5 Re8 49. Qd4 Re2+ 50. Kh3 Qxd4 51. Rxd4 Re7 52. Rd6 Kg7 53.
Rb6 Rc7 54. Kg4 Rd7 55. Kf5 Rf7+ 56. Ke5 h5 57. Kd5 Rd7+ 58. Kc5 Rc7+ 59. Kd5
Rd7+ 60. Rd6 Rc7 61. Ke6 Kg6 62. Rd7 Rc6+ 63. Kd5 Rc3 64. Rxb7 Rxg3 65. Rb6+
Kf5 66. Rxa6 Rg4 67. Kc5 Rxh4 68. b5 Rh1 69. Rh6 Ke5 70. a6 h4 71. a7 Ra1 72.
Ra6 1-0

[Event "Magyar Rapid Bajnokság"]
[Site "Ajka"]
[Date "2018.07.22"]
[Round "11.14"]
[White "Csiszar, Csaba"]
[Black "Kormos, Adam"]
[Result "1-0"]
[WhiteElo "2432"]
[BlackElo "2286"]
[PlyCount "65"]
[EventDate "2018.07.20"]
[EventType "swiss"]
[EventRounds "13"]
[EventCountry "HUN"]

1. d4 d6 2. Nf3 Bg4 3. c4 Bxf3 4. gxf3 c6 5. Nc3 g6 6. e4 Bg7 7. Be3 Nd7 8. Qd2
Qc7 9. f4 e6 10. h4 Ne7 11. h5 gxh5 12. Rxh5 Nf6 13. Rg5 Bh6 14. Rg1 d5 15.
cxd5 exd5 16. e5 Nd7 17. Rh1 Bf8 18. Bh3 O-O-O 19. f5 Qa5 20. a3 Kb8 21. b4 Qb6
22. e6 fxe6 23. fxe6 Nf6 24. Bf4+ Ka8 25. Be5 Bg7 26. Na4 Qb5 27. Nc5 b6 28.
Bf1 bxc5 29. Bxb5 Ne4 30. Qg5 Bxe5 31. Qxe7 cxb5 32. dxe5 d4 33. Rxh7 1-0

[Event "Magyar Rapid Bajnokság"]
[Site "Ajka"]
[Date "2018.07.22"]
[Round "11.15"]
[White "Almasi, Istvan"]
[Black "Szalanczi, Emil"]
[Result "0-1"]
[WhiteElo "2416"]
[BlackElo "2214"]
[PlyCount "66"]
[EventDate "2018.07.20"]
[EventType "swiss"]
[EventRounds "13"]
[EventCountry "HUN"]

1. d4 Nf6 2. Bf4 g6 3. e3 Bg7 4. Nf3 d6 5. Be2 O-O 6. O-O Nbd7 7. h3 b6 8. c4
Bb7 9. Nc3 e6 10. Qc2 Qe7 11. Bh2 Rfd8 12. e4 e5 13. d5 Nh5 14. Rae1 Rf8 15. b4
a6 16. g3 Bc8 17. Nd2 Ndf6 18. g4 Nf4 19. Bxf4 exf4 20. c5 h5 21. cxd6 cxd6 22.
Nc4 hxg4 23. e5 dxe5 24. d6 Qd8 25. hxg4 Nxg4 26. Bxg4 Bxg4 27. f3 Bh3 28. Rf2
Qg5+ 29. Kh1 Qh4 30. Kg1 Rac8 31. Nd5 Qg3+ 32. Kh1 Rxc4 33. Ne7+ Kh7 0-1

[Event "Magyar Rapid Bajnokság"]
[Site "Ajka"]
[Date "2018.07.22"]
[Round "11.16"]
[White "Dankhazi, Andras"]
[Black "Geher, Koppany"]
[Result "1-0"]
[WhiteElo "2361"]
[BlackElo "1611"]
[PlyCount "93"]
[EventDate "2018.07.20"]
[EventType "swiss"]
[EventRounds "13"]
[EventCountry "HUN"]

1. d4 Nf6 2. c4 g6 3. g3 c6 4. Bg2 d5 5. Qa4 Nbd7 6. cxd5 cxd5 7. Nc3 Bg7 8. e3
O-O 9. Nge2 e6 10. O-O a6 11. Nf4 b5 12. Qd1 Bb7 13. Nd3 Qe7 14. Qb3 Ne4 15. a4
Nxc3 16. bxc3 Rfc8 17. axb5 axb5 18. Ba3 Qd8 19. Nc5 Nxc5 20. Bxc5 Bc6 21. Qb2
Rxa1 22. Rxa1 Ra8 23. Bf1 Bf8 24. Bxf8 Qxf8 25. Rxa8 Qxa8 26. Qb4 Kg7 27. Kg2
Qb7 28. h4 h5 29. Qd6 Qd7 30. Qe5+ f6 31. Qb8 Qb7 32. Qxb7+ Bxb7 33. Bxb5 Kf7
34. Kf1 Ke7 35. Ke2 e5 36. c4 dxc4 37. Bxc4 exd4 38. exd4 Bc6 39. Ke3 Kd6 40.
Bf7 g5 41. hxg5 fxg5 42. Bxh5 Bd5 43. f4 gxf4+ 44. Kxf4 Ke6 45. Bf3 Bc4 46. Be4
Kf6 47. g4 1-0

[Event "Magyar Rapid Bajnokság"]
[Site "Ajka"]
[Date "2018.07.22"]
[Round "11.17"]
[White "Teglas, Balazs"]
[Black "Hajnal, Zoltan"]
[Result "1-0"]
[WhiteElo "2201"]
[BlackElo "2357"]
[PlyCount "169"]
[EventDate "2018.07.20"]
[EventType "swiss"]
[EventRounds "13"]
[EventCountry "HUN"]

1. e4 e5 2. Nc3 Nc6 3. Bc4 Nf6 4. d3 Na5 5. Bb3 Bb4 6. Nge2 Nxb3 7. axb3 d5 8.
exd5 Nxd5 9. O-O O-O 10. Bd2 Be7 11. Nxd5 Qxd5 12. Nc3 Qc6 13. Qe2 f6 14. Qe4
Qxe4 15. dxe4 c6 16. Be3 a6 17. Rfd1 Be6 18. Bb6 Rac8 19. Rd2 Kf7 20. Be3 g6
21. Rad1 f5 22. f3 f4 23. Bb6 g5 24. Kf2 h5 25. Na4 c5 26. c4 g4 27. Ba5 gxf3
28. gxf3 Rg8 29. Bc3 b5 30. Nb6 Rb8 31. Nd5 Bh4+ 32. Ke2 Rg5 33. cxb5 axb5 34.
b4 c4 35. Ra1 Rg2+ 36. Kf1 Rxd2 37. Bxd2 Bxd5 38. exd5 Rd8 39. Ra6 Rxd5 40. Ke2
Bf6 41. Bc3 Kg6 42. Rb6 Kf5 43. Rc6 Bg5 44. Rc8 Be7 45. Rc7 Bf6 46. Rc8 Be7 47.
Rc7 Bd6 48. Rh7 Kg6 49. Rb7 Kg5 50. Rg7+ Kf6 51. Rh7 Kg6 52. Rb7 Bf8 53. Rb8
Bh6 54. Re8 Bg7 55. Rb8 Kf5 56. Rb7 Bf6 57. Rb6 h4 58. h3 Bd8 59. Rb7 Bf6 60.
Rb6 Rd7 61. Rxb5 Rg7 62. Rc5 Rg2+ 63. Ke1 Rg3 64. b5 Rg7 65. Rxc4 Rb7 66. Rc5
Ke6 67. Rc6+ Kf5 68. Rc5 Ke6 69. Ke2 Bg7 70. Kd3 Rd7+ 71. Ke4 Rd1 72. Rc6+ Kd7
73. Ra6 Bf8 74. Bxe5 Re1+ 75. Kxf4 Bc5 76. Rc6 Be3+ 77. Kf5 Bf2 78. Rc7+ Kd8
79. b6 Bxb6 80. Rb7 Bf2 81. Ke6 Rc1 82. Rb8+ Rc8 83. b4 Rxb8 84. Bxb8 Kc8 85.
Be5 1-0

[Event "Magyar Rapid Bajnokság"]
[Site "Ajka"]
[Date "2018.07.22"]
[Round "11.18"]
[White "Laszlo, Janos"]
[Black "Kiss, Pal"]
[Result "1/2-1/2"]
[WhiteElo "2273"]
[BlackElo "2356"]
[PlyCount "47"]
[EventDate "2018.07.20"]
[EventType "swiss"]
[EventRounds "13"]
[EventCountry "HUN"]

1. c4 e6 2. d4 d5 3. Nc3 c6 4. e3 Nf6 5. Nf3 Nbd7 6. Bd3 dxc4 7. Bxc4 b5 8. Bb3
b4 9. Ne2 Bd6 10. O-O O-O 11. Re1 Bb7 12. Ng3 c5 13. Bd2 a5 14. Rc1 Qb6 15.
dxc5 Nxc5 16. Bc4 Rfd8 17. Qe2 Nfe4 18. Red1 Nxd2 19. Rxd2 Be7 20. Rcd1 Rxd2
21. Rxd2 Rd8 22. Rxd8+ Qxd8 23. b3 g6 24. Qd2 1/2-1/2

[Event "Magyar Rapid Bajnokság"]
[Site "Ajka"]
[Date "2018.07.22"]
[Round "11.19"]
[White "Varga, Klara"]
[Black "Hoang, Thanh Trang"]
[Result "1-0"]
[WhiteElo "2183"]
[BlackElo "2351"]
[PlyCount "79"]
[EventDate "2018.07.20"]
[EventType "swiss"]
[EventRounds "13"]
[EventCountry "HUN"]

1. c4 f5 2. Nc3 Nf6 3. g3 g6 4. Bg2 Bg7 5. d3 d6 6. e4 Nc6 7. Nge2 e5 8. O-O
O-O 9. Nd5 Be6 10. Be3 Qd7 11. Qd2 Ng4 12. Rae1 fxe4 13. dxe4 Nxe3 14. Qxe3 Nd4
15. Nxd4 exd4 16. Qd3 Rae8 17. f4 c6 18. Nb4 Bg4 19. Kh1 Rf7 20. Qc2 Rfe7 21.
c5 dxc5 22. Qxc5 Kh8 23. Nd3 b6 24. Qc2 c5 25. b3 Rc8 26. Rc1 Ree8 27. Qd2 a5
28. Nb2 b5 29. a4 bxa4 30. Nxa4 Qb5 31. f5 gxf5 32. exf5 Rf8 33. Qg5 Bxf5 34.
Rxf5 Qxb3 35. Nxc5 Qb2 36. Rcf1 Rg8 37. Ne6 d3 38. Qh5 Rc2 39. Ng5 h6 40. Qg6
1-0

[Event "Magyar Rapid Bajnokság"]
[Site "Ajka"]
[Date "2018.07.22"]
[Round "11.20"]
[White "Gaal, Zsoka"]
[Black "Deak, Sandor"]
[Result "0-1"]
[WhiteElo "1644"]
[BlackElo "2335"]
[PlyCount "68"]
[EventDate "2018.07.20"]
[EventType "swiss"]
[EventRounds "13"]
[EventCountry "HUN"]

1. Nf3 Nf6 2. g3 g6 3. Bg2 Bg7 4. d4 O-O 5. O-O d6 6. b3 e5 7. dxe5 dxe5 8.
Qxd8 Rxd8 9. Bb2 e4 10. Ng5 Bf5 11. Nc3 h6 12. Nh3 Nc6 13. Rfd1 e3 14. fxe3
Bxc2 15. Rxd8+ Rxd8 16. Nf4 g5 17. Nd3 Bxd3 18. exd3 Rxd3 19. Rd1 Rxe3 20. Nb5
Re2 21. Bxf6 Bxf6 22. Bxc6 bxc6 23. Nxa7 c5 24. a4 h5 25. Nb5 Rb2 26. a5 Rxb3
27. Nxc7 Ra3 28. a6 Be5 29. Nb5 Rxa6 30. Rd5 f6 31. Rxc5 Ra5 32. Rc8+ Kh7 33.
Nc3 Ra1+ 34. Kg2 Rc1 0-1

[Event "Magyar Rapid Bajnokság"]
[Site "Ajka"]
[Date "2018.07.22"]
[Round "12.1"]
[White "Jakab, Attila"]
[Black "Almasi, Zoltan"]
[Result "0-1"]
[WhiteElo "2363"]
[BlackElo "2650"]
[PlyCount "76"]
[EventDate "2018.07.20"]
[EventType "swiss"]
[EventRounds "13"]
[EventCountry "HUN"]

1. d4 Nf6 2. c4 e6 3. Nc3 Bb4 4. e3 b6 5. Bd3 Bb7 6. Nf3 c5 7. O-O O-O 8. Qe2
Re8 9. Rd1 h6 10. Bd2 cxd4 11. exd4 d5 12. cxd5 exd5 13. Ne5 Nc6 14. Nxc6 Bxc6
15. Qf1 Bd6 16. Rac1 Ng4 17. g3 Qd7 18. Qh3 a6 19. Re1 Rxe1+ 20. Rxe1 b5 21. f3
Nf6 22. Bf5 Qd8 23. g4 Nh7 24. f4 g6 25. Bc2 Bf8 26. f5 g5 27. f6 Nxf6 28. Qd3
Bg7 29. h3 Ne4 30. Be3 Qc7 31. Bf2 Nxf2 32. Kxf2 Qh2+ 33. Kf1 b4 34. Ba4 Rc8
35. Bxc6 Rxc6 36. Re8+ Bf8 37. Ne2 Qh1+ 38. Kf2 Rf6+ 0-1

[Event "Magyar Rapid Bajnokság"]
[Site "Ajka"]
[Date "2018.07.22"]
[Round "12.2"]
[White "Erdos, Viktor"]
[Black "Galyas, Miklos"]
[Result "1-0"]
[WhiteElo "2617"]
[BlackElo "2382"]
[PlyCount "61"]
[EventDate "2018.07.20"]
[EventType "swiss"]
[EventRounds "13"]
[EventCountry "HUN"]

1. Nf3 d5 2. d4 Nf6 3. c4 c6 4. e3 Bf5 5. Nc3 a6 6. Be2 h6 7. Qb3 Ra7 8. cxd5
cxd5 9. Ne5 e6 10. Bd2 Be7 11. O-O O-O 12. Rfc1 Nfd7 13. Nxd7 Nxd7 14. Na4 b5
15. Nc5 Nb6 16. a4 Bxc5 17. dxc5 Nxa4 18. Qa3 d4 19. Qb4 e5 20. c6 d3 21. Bd1
Nb6 22. Qc5 Qc7 23. Ba5 Rb8 24. Bb3 Raa8 25. f3 d2 26. Rd1 Bd7 27. Bd5 Be8 28.
Rxd2 b4 29. b3 Ra7 30. Be4 Raa8 31. Rad1 1-0

[Event "Magyar Rapid Bajnokság"]
[Site "Ajka"]
[Date "2018.07.22"]
[Round "12.3"]
[White "Balog, Imre"]
[Black "Gledura, Benjamin"]
[Result "0-1"]
[WhiteElo "2613"]
[BlackElo "2574"]
[PlyCount "102"]
[EventDate "2018.07.20"]
[EventType "swiss"]
[EventRounds "13"]
[EventCountry "HUN"]

1. d4 Nf6 2. Bg5 d5 3. Nf3 c5 4. e3 Nc6 5. Bxf6 gxf6 6. c4 cxd4 7. Nxd4 Nxd4 8.
Qxd4 dxc4 9. Qxc4 Bg7 10. Be2 O-O 11. O-O f5 12. Nc3 Be6 13. Qh4 Qd2 14. Bf3
Qxb2 15. Ne2 Qf6 16. Qb4 a5 17. Qxb7 Rab8 18. Qa7 Bc4 19. Rac1 Qa6 20. Qxa6
Bxa6 21. Rc6 Bd3 22. Rd1 Rfd8 23. h4 e5 24. Ng3 a4 25. Rc7 f4 26. exf4 exf4 27.
Nh5 Be5 28. Re7 f6 29. Rg7+ Kh8 30. Ra7 Bc2 31. Re1 Rd2 32. Rxe5 fxe5 33. Re7
Bg6 34. Nf6 Rxa2 35. h5 Bc2 36. Be4 Bxe4 37. Nxe4 Rb6 38. Ng5 h6 39. Nf7+ Kg7
40. Ra7 Kf6 41. Nxh6 Kg5 42. Nf7+ Kxh5 43. Nxe5 a3 44. Nc4 Ra1+ 45. Kh2 Rh6 46.
Rxa3 Kg4+ 47. Rh3 Rxh3+ 48. gxh3+ Kf3 49. h4 Kxf2 50. h5 f3 51. Kh3 Ke2 0-1

[Event "Magyar Rapid Bajnokság"]
[Site "Ajka"]
[Date "2018.07.22"]
[Round "12.4"]
[White "Mihok, Oliver"]
[Black "Banusz, Tamas"]
[Result "0-1"]
[WhiteElo "2426"]
[BlackElo "2592"]
[PlyCount "100"]
[EventDate "2018.07.20"]
[EventType "swiss"]
[EventRounds "13"]
[EventCountry "HUN"]

1. e4 c5 2. Nf3 Nc6 3. d3 g6 4. g3 Bg7 5. Bg2 e5 6. O-O Nge7 7. c3 d5 8. exd5
Nxd5 9. Re1 O-O 10. Nbd2 Re8 11. a4 h6 12. Nc4 Nb6 13. Nxb6 axb6 14. Be3 Bf5
15. Bf1 Qd5 16. Nh4 Be6 17. Bg2 Qd7 18. Ra3 g5 19. Nf3 Rad8 20. Nd2 Qxd3 21. g4
Na5 22. Qf3 Bd5 23. Qg3 Bxg2 24. Qxg2 e4 25. Raa1 Nc6 26. h3 Qd5 27. Rad1 Ne5
28. Nxe4 Nd3 29. Rxd3 Qxd3 30. Ng3 Qd5 31. Nf5 Qxg2+ 32. Kxg2 Bf8 33. h4 f6 34.
Ra1 Ra8 35. c4 Re4 36. Kf3 Rxc4 37. Rd1 Rcxa4 38. Rd7 Rb4 39. Rxb7 Rxb2 40. h5
b5 41. Ke4 Rd8 42. Rb6 b4 43. Rxf6 Rb8 44. Nxh6+ Bxh6 45. Rxh6 b3 46. Bxc5 Re2+
47. Kf5 b2 48. Rg6+ Kh7 49. Kxg5 Re5+ 50. Kf6 Rxc5 0-1

[Event "Magyar Rapid Bajnokság"]
[Site "Ajka"]
[Date "2018.07.22"]
[Round "12.5"]
[White "Bagi, Mate"]
[Black "Papp, Gabor"]
[Result "1/2-1/2"]
[WhiteElo "2394"]
[BlackElo "2574"]
[PlyCount "58"]
[EventDate "2018.07.20"]
[EventType "swiss"]
[EventRounds "13"]
[EventCountry "HUN"]

1. e4 c5 2. Nf3 d6 3. d4 cxd4 4. Nxd4 Nf6 5. Nc3 Nc6 6. Bg5 e6 7. Qd2 a6 8.
O-O-O Bd7 9. f4 b5 10. Bxf6 gxf6 11. Kb1 Qb6 12. Nxc6 Bxc6 13. f5 Qc5 14. Bd3
h5 15. Rhe1 b4 16. Nd5 Bxd5 17. exd5 Bh6 18. Qe2 e5 19. Qxh5 Ke7 20. Qf3 a5 21.
Re4 Rac8 22. Rc4 Qa7 23. Rc6 Be3 24. h3 Bd4 25. g4 Rxc6 26. dxc6 Qc5 27. Be4 a4
28. g5 a3 29. Qb3 Rd8 1/2-1/2

[Event "Magyar Rapid Bajnokság"]
[Site "Ajka"]
[Date "2018.07.22"]
[Round "12.6"]
[White "Groszpeter, Attila"]
[Black "Czebe, Attila"]
[Result "1/2-1/2"]
[WhiteElo "2438"]
[BlackElo "2488"]
[PlyCount "106"]
[EventDate "2018.07.20"]
[EventType "swiss"]
[EventRounds "13"]
[EventCountry "HUN"]

1. e4 g6 2. d4 d6 3. Nc3 c6 4. Be3 b5 5. h3 Nf6 6. e5 dxe5 7. dxe5 Qxd1+ 8.
Rxd1 Nfd7 9. f4 Nb6 10. Nf3 Bf5 11. g4 Bd7 12. a3 Na6 13. Ng5 Bh6 14. Bxb6 axb6
15. Nce4 Rd8 16. Rh2 Bxg5 17. Nxg5 h6 18. Ne4 Be6 19. Rhd2 Rxd2 20. Rxd2 Nc7
21. Nc3 h5 22. Bg2 Bd7 23. g5 h4 24. Ne2 Ne6 25. Kf2 c5 26. Ke3 Ng7 27. Kf2 Ne6
28. Bf3 Nc7 29. Kg2 Bf5 30. Bc6+ Kf8 31. Rd8+ Kg7 32. Rxh8 Kxh8 33. c3 Kg7 34.
Kf2 Bxh3 35. Ng1 Bf5 36. Nf3 h3 37. Kg3 b4 38. axb4 cxb4 39. cxb4 Na6 40. b5
Nc5 41. Nd4 Nd3 42. b3 h2 43. Kxh2 Nxf4 44. Kg3 Nd3 45. Nf3 Be6 46. Be4 Nc5 47.
Bc6 Bxb3 48. Kf4 Ne6+ 49. Ke3 Bd1 50. Nd2 Nxg5 51. Nc4 Ne6 52. Nxb6 Nc5 53. Nd5
e6 1/2-1/2

[Event "Magyar Rapid Bajnokság"]
[Site "Ajka"]
[Date "2018.07.22"]
[Round "12.7"]
[White "Csonka, Balazs"]
[Black "Horvath, Adam"]
[Result "1-0"]
[WhiteElo "2311"]
[BlackElo "2479"]
[PlyCount "163"]
[EventDate "2018.07.20"]
[EventType "swiss"]
[EventRounds "13"]
[EventCountry "HUN"]

1. d4 Nf6 2. c4 e6 3. Nf3 d5 4. Nc3 dxc4 5. e4 b5 6. e5 Nd5 7. Nxb5 Nb6 8. Be2
Nc6 9. O-O Be7 10. Be3 O-O 11. Qc1 Ba6 12. Nc3 Rb8 13. Ne4 Nb4 14. Nc5 Bxc5 15.
dxc5 Na4 16. Bxc4 Bxc4 17. Qxc4 Nxb2 18. Qg4 Qd3 19. Bc1 Nd5 20. Bh6 Qg6 21.
Qxg6 hxg6 22. Bd2 Nd3 23. c6 Rb6 24. Rab1 Rxc6 25. Rfd1 Rc2 26. a4 c5 27. Rb7
c4 28. h4 Ra2 29. a5 c3 30. Bxc3 Nxf2 31. Rd2 Rxd2 32. Bxd2 Ne4 33. Rxa7 Rb8
34. a6 Nc5 35. Be1 Nf4 36. Bf2 Nfd3 37. Bxc5 Nxc5 38. Ng5 Rf8 39. Kh1 Rb8 40.
Nxf7 Nxa6 41. Ng5 Nc5 42. Rc7 Nd3 43. Nxe6 Nxe5 44. Rxg7+ Kh8 45. Re7 Ng4 46.
g3 Rb2 47. Re8+ Kh7 48. Re7+ Kh8 49. Nf4 Rb6 50. Kg2 Kg8 51. Re6 Rxe6 52. Nxe6
Kf7 53. Ng5+ Kf6 54. Kf3 Ne5+ 55. Ke4 Nd7 56. Kf4 Kg7 57. Nf3 Nc5 58. Ne5 Ne6+
59. Ke4 Kf6 60. g4 Nc7 61. Nd7+ Ke6 62. Nc5+ Kf6 63. Nd3 Ne6 64. Ne5 Nc7 65.
Nd7+ Ke6 66. Nc5+ Kf6 67. g5+ Kf7 68. Ke5 Nb5 69. Nb7 Ke7 70. Na5 Nc7 71. Nc6+
Kf7 72. Kd6 Nb5+ 73. Kd7 Nc3 74. Nd8+ Kg7 75. Ke6 Ne2 76. Ke7 Ng3 77. Ne6+ Kh7
78. Kf7 Ne4 79. Nf8+ Kh8 80. Nxg6+ Kh7 81. Nf8+ Kh8 82. Ne6 1-0